Tiếng Việt 5 T.1
Đã lưu trong:
| Príomhúdar: | |
|---|---|
| Údair Eile: | |
| Formáid: | Leabhar |
| Teanga: | Undetermined |
| Foilsithe: |
H.
Giáo dục
2010
|
| Ábhair: | |
| Rochtain Ar Líne: | http://lrc.tdmu.edu.vn/opac/search/detail.asp?aID=2&ID=6048 |
| Clibeanna: |
Cuir Clib Leis
Gan Chlibeanna, Bí ar an gcéad duine leis an taifead seo a chlibeáil!
|
| Thư viện lưu trữ: | Trung tâm Học liệu Trường Đại học Thủ Dầu Một |
|---|
| LEADER | 00685nam a2200217Ia 4500 | ||
|---|---|---|---|
| 001 | TDMU_6048 | ||
| 008 | 210410s9999 xx 000 0 und d | ||
| 082 | |a 372.6 | ||
| 090 | |b NG527 | ||
| 100 | |a Nguyễn, Minh Thuyết | ||
| 245 | 0 | |a Tiếng Việt 5 | |
| 245 | 0 | |c Nguyễn Minh Thuyết | |
| 245 | 0 | |n T.1 | |
| 260 | |a H. | ||
| 260 | |b Giáo dục | ||
| 260 | |c 2010 | ||
| 300 | |a 180tr | ||
| 650 | |a Sách lớp 5 |v Giáo khoa; Tiếng Việt |x Dạy và học |x Tiểu học | ||
| 700 | |a Hoàng, Hòa Bình | ||
| 856 | |u http://lrc.tdmu.edu.vn/opac/search/detail.asp?aID=2&ID=6048 | ||
| 980 | |a Trung tâm Học liệu Trường Đại học Thủ Dầu Một | ||